LEADER 01019nam a2200229 i 4500 001 000000135637 003 CaOOAMICUS 005 20161229000000.0 008 161229s1883 it u000 u ita u 013 $a109028 040 $aSeMil$bita 100 1 $aAndreola, Benedetto .$0(OLS)http://semarc/name/93415 245 10$aCenno sull'apparizione di Maria Vergine presso Caravaggio e suo Santuario /$cpel sacerdote Benedetto Andreola ; con appendice di preghiere. 260 $aCremona :$bTip. nell'Istit. Manini,$c1883. 300 $a64 p. ;$c18 cm. 650 4$aMadonna - Apparizioni - Caravaggio.$0(OLS)http://semarc/subject/32765 850 $aSeMil 852 $aSeMil$W1$xVenegono$y1$m3P I 72 FA$j89283$B89283$CSeMilBibl$Z2$F94006 $8I 941 1 $a10 961 $aRecupero: Mantegazza 996 $6245$aCenno sull'apparizione di Maria Vergine presso Caravaggio e suo Santuario$9(OLS)http://semarc/title/408433 996 $6260$aCremona :$bTip. nell'Istit. Manini$9(OLS)http://semarc/publisher/57254 LEADER 00944nab a2200181 i 4500 001 000000290092 003 CaOOAMICUS 005 20170112000000.0 008 170112n xx uu u0 0und r 013 $a44904 020 $a978-2-200-93062-2 040 $aSeMil$bita 245 10$a"Fides ex auditu" :$bthéologie et audition dans le christianisme médiéval en Occident = "Fides ex auditu" : Theology and the Sense of Hearing in Western Medieval Christianity. 500 $aOctobre-Décembre 2016. 700 1 $aInstitut universitaire de France .$0(OLS)http://semarc/name/95101 773 0 $tAnnée 2016.$dParis : Armand Colin, copyr. 2016.$w()248553 996 $6020$a978-2-200-93062-2$9(OLS)http://semarc/number/268156 996 $6245$a"Fides ex auditu" :$bthéologie et audition dans le christianisme médiéval en Occident = "Fides ex auditu" : Theology and the Sense of Hearing in Western Medieval Christianity.$9(OLS)http://semarc/title/414248